| 000 | 00345nam a22001217a 4500 | ||
|---|---|---|---|
| 999 |
_c3017 _d3017 |
||
| 005 | 20200925145100.0 | ||
| 008 | 200925b ||||| |||| 00| 0 eng d | ||
| 020 | _a978178554837 | ||
| 040 | _cCML | ||
| 245 |
_aFalling for Wonderlust. _cLe Cerf, J.W. |
||
| 260 |
_aLondon _bAustin Macauley Publishers Ltd _c2016 |
||
| 942 |
_2ddc _cBK _e1st Edition _kF _mLEC |
||